000 00447nmm a2200157Ia 4500
008 251105s9999||||xx |||||||||||||||||und||
020 _a9789580613107
041 _aspa
100 _aSalcedo Salazar, José Excelino
245 0 _aLos Salazares
264 _a[Bogotá, Colombia] :
_bOveja Negra,
_c2015
300 _a656 páginas
650 _aLatin American narrative
856 _uhttps://public.digitaliapublishing.com/a/37792
942 _cCF
999 _c94955
_d94955